00558nam a22001697a 450000500170000001000150001702000260003203500140005803700130007208200130008510000200009824500750011826000400019327000810023330000320031450000420034620190319144607.0 aENG-124897 a9789386473417c695.00 aEN-108429 bDBAD/PUB a302.2345 aRao, N Bhaskara aThe TRP rick:cby N Bhaskara Raobhow television in india was hijaked/ aNew DelhibVitasta Publishingc2019 a2/15, Ansari Road, Daryaganj,bNew Delhie110002minfo@vitastapublishing.com axvii, 258p.c21cm(Hb)bill. aIt includes annexures and references.